Selected papers of the workshop on integrated management of coastal resources in Mekong delta, Vietnam
Kaydedildi:
| Yazar: | |
|---|---|
| Materyal Türü: | Kitap |
| Dil: | Undetermined |
| Baskı/Yayın Bilgisi: |
Cần Thơ
Trường Đại học Cần Thơ
2002
|
| Konular: | |
| Etiketler: |
Etiketle
Etiket eklenmemiş, İlk siz ekleyin!
|
| Thư viện lưu trữ: | Trung tâm Học liệu Trường Đại học Cần Thơ |
|---|
| LEADER | 00633nam a2200181Ia 4500 | ||
|---|---|---|---|
| 001 | CTU_124535 | ||
| 008 | 210402s9999 xx 000 0 und d | ||
| 082 | |a 632 | ||
| 082 | |b M548 | ||
| 100 | |a Mensvoort, M. E. F. van | ||
| 245 | 0 | |a Selected papers of the workshop on integrated management of coastal resources in Mekong delta, Vietnam | |
| 245 | 0 | |c M. E. F. van Mensvoort, Le Quang Tri | |
| 260 | |a Cần Thơ | ||
| 260 | |b Trường Đại học Cần Thơ | ||
| 260 | |c 2002 | ||
| 650 | |a Pests - integrated control,Plants, protection of | ||
| 904 | |i M.Loan | ||
| 980 | |a Trung tâm Học liệu Trường Đại học Cần Thơ | ||